| Поле | Инд. | ПП | Название | Значение |
|---|---|---|---|---|
| Тип записи | a | |||
| Библиографический уровень | m | |||
| 001 | Контрольный номер | RU/IS/BASE/182269405 | ||
| 005 | Дата корректировки | 20240425114055.4 | ||
| 008 | Кодируемые данные | 20051010 | ||
| 022 | a | ISSN | 1816-0395 (print); 2413-6042 (online) | |
| 041 | a | Код языка текста | rus | |
| 084 | a | Индекс другой классификации/Индекс ББК | 20; 30 | |
| 090 | a | Полочн. индекс | 95.2+20 | |
| 097 | 00 | a | 110 | |
| 245 | 00 | a | Заглавие | Экология и промышленность России |
| b | Продолж. заглавия | ЭКИП : ежемесячный общественный научно-технический журнал | ||
| c | Ответственность | учредители: Российская академия наук [и др.]; гл. ред. В. Д. Кальнер | ||
| n | Номер части/ раздела | №9/2005 | ||
| 246 | 00 | a | Другая форма заглавия | ЭКИП |
| 260 | 00 | a | Место издания | Москва |
| b | Издательство | Экология и промышленность России | ||
| c | Дата издания | 2005 | ||
| 300 | a | Объем | 48 с. | |
| 500 | 00 | a | Примечание | Журнал |
| 505 | a | Форматированное содержание | Флотационная очистка сточных вод в реакторе-сепараторе | |
| b | Автор | Карабасов Ю. С. | ||
| b | Автор | Самыгин В. Д. | ||
| b | Автор | Филиппов Л. О. | ||
| b | Автор | Панин В. В. | ||
| b | Автор | Стенин Н. Ю. | ||
| b | Автор | Воронин Д. Ю. | ||
| 505 | a | Форматированное содержание | Переработка техногенных отходов металлургтческих предприятий по технологии РОМЕЛТ | |
| b | Автор | Роменец В. А. | ||
| b | Автор | Валавин В. С. | ||
| b | Автор | Похвиснев Ю. В. | ||
| b | Автор | Вандарьев С. В. | ||
| 505 | a | Форматированное содержание | Эффективная утилизация полиэтилентерефталата и других термопластов: создание нового семейства композитов | |
| b | Автор | Кукушкин В. Д. | ||
| b | Автор | Семенов В. Г. | ||
| b | Автор | Смирнов О. М. | ||
| b | Автор | Соловьев В. П. | ||
| b | Автор | Тулупов С. А. | ||
| 505 | a | Форматированное содержание | Нормирование атмосферных выбросов металлургических комбинатов | |
| b | Автор | Барышева И. В. | ||
| b | Автор | Степанов А. М. | ||
| 505 | a | Форматированное содержание | Географическая оценка риска чрезвычайных ситуаций техногенного характера | |
| b | Автор | Шувалов А. В. | ||
| 505 | a | Форматированное содержание | Исследование теплофизических свойств снежно-ледяных масс городских территорий | |
| b | Автор | Корецкий В. Е. | ||
| 505 | a | Форматированное содержание | Применение импульсных магнитных полей в биотехнологиях | |
| b | Автор | Ларин В. С. | ||
| 505 | a | Форматированное содержание | Очистка гальваностоков с использованием отходов производства | |
| b | Автор | Семенов В. В. | ||
| b | Автор | Варламова С. И. | ||
| b | Автор | Климов Е. С. | ||
| 505 | a | Форматированное содержание | Оценка класса опасности золошлаковых отходов ТЭС методом биотестирования | |
| b | Автор | Дик Э. П. | ||
| b | Автор | Алексеева Т. Е. | ||
| b | Автор | Микушевич В. М. | ||
| 505 | a | Форматированное содержание | "Ренессанс" атомной энергетики? | |
| b | Автор | Порунов А. Н. | ||
| 505 | a | Форматированное содержание | Выбор оптимальной технологии переработки ТБО | |
| b | Автор | Соломин И. А. | ||
| b | Автор | Башкин В. Н. | ||
| 505 | 0_ | a | Форматированное содержание | Очистка донных отложений: первый шаг сделан |
| b | Автор | Лушников С. В. | ||
| b | Автор | Воробьев Д. С. | ||
| b | Автор | Фадеев В. Н. | ||
| 505 | a | Форматированное содержание | События. Факты | |
| 650 | a | Основная рубрика | техника | |
| a | Основная рубрика | экология | ||
| 653 | a | Ключевые слова | промышленность | |
| a | Ключевые слова | Россия | ||
| 773 | w | Контрольный № источника | RU/IS/BASE/406220276 | |
| 901 | t | Тип документа | s | |
| 952 | a | Тип литературы для КСУ ВШ | НЖ |